| 000 | 00885cam a2200241 4500 | ||
|---|---|---|---|
| 001 | ABS62191 | ||
| 008 | 000000n2000 000 0 eng u | ||
| 035 | _a(Sirsi) u105434 | ||
| 100 | _aFreedman, P. | ||
| 245 | _aCleaning up : the Act | ||
| 260 | _c2000 | ||
| 490 |
_aProperty Week _v65(14) 7 April 2000, 62-63(2) |
||
| 520 | _aExamines the contaminated land regime which came into force on 1 April 2000 and which requires local authorities to maintain a list contaminated sites. It also means that solicitors' searches will now include additional questions in order to comply. | ||
| 590 | _aABS | ||
| 650 | _aCONTAMINATED LAND | ||
| 650 | _aLOCAL AUTHORITIES | ||
| 650 | 0 | _aLOCAL AUTHORITY SEARCHES | |
| 650 | _aSPECIAL SITES | ||
| 650 | _aREMEDIATION NOTICES | ||
| 650 | _aENVIRONMENTAL PROTECTION ACT 1990 S78 | ||
| 690 | _aENVIRONMENT-CONTAMINATION | ||
| 942 | _n0 | ||
| 999 |
_c63172 _d63172 |
||